000 009330000a22002410004500
003 EG-GICUC
005 20250223030140.0
008 091202s1969 ua do f m 000 0 ara d
040 _aEG-GiCUC
_bara
_cEG-GiCUC
041 0 _aara
049 _aايداع
097 _aماجستير
099 _aCai01.02.02.M.A.1969.اس.ج
100 0 _aاسكندر عبدالمسيح
245 1 2 _aالجغرافيا الاقتصادية والاجتماعية لتفتيش وادى كوم امبو /
_cاسكندر عبدالمسيح
260 _aالقاهرة :
_bاسكندر عبدالمسيح :
_c1969
300 _a203ورقة :
_bرسوم بيانية : صور ؛
_c30سم
502 _aاطروحة(ماجستير) - جامعة القاهرة - كلية الاداب - قسم الجغرافيا
856 _uhttp://172.23.153.220/th.pdf
905 _aMustafa
_eRevisor
905 _aSamia
_eCataloger
942 _2ddc
_cTH
999 _c28611
_d28611